000 00705cam a22002657a 4500
001 14947310
003 OSt
005 20250901165813.0
008 070731s2007 ke 000 0 swa
010 _a 2007380936
020 _a9966225714
040 _aDLC
_cDLC
042 _alcode
050 0 0 _aPL 8704 .M88 2007
100 1 _aMutonya, Mungai.
245 1 0 _aMnada wa Sokomoko /
_cMungai Mutonya.
260 _aNairobi :
_bJomo Kenyatta Foundation,
_c2007.
300 _a71 p. ;
_c18 cm.
490 0 _aFasihi yetu
520 _aA play.
546 _aIn Swahili.
906 _a7
_bcbc
_corigode
_d4
_encip
_f20
_gy-gencatlg
942 _2lcc
_cBK
999 _c9445
_d9445